LEADER 01473nam a2200301 i 4500 001 000000131979 003 CaOOAMICUS 005 20190701151806.0 006 a 000 u 008 050301s2002 it u000 u ita u 013 $a104918 020 $a88-420-5380-5 040 $aSeMil$bita 245 10$aGuida a Heidegger :$bermeneutica, fenomenologia, esistenzialismo, ontologia, teologia, estetica, etica, tecnica, nichilismo /$ca cura di Franco Volpi ; [contributi di] Leonardo Amoroso ... [et al.]. 250 $a3. Ed. 264 1$aRoma ;$aBari :$bGLF editori Laterza,$c2002. 490 0 $aManuali Laterza ;$v95 600 14$aHeidegger, Martin <1889-1976>.$0(OLS)http://semarc/subject/986 700 1 $aAmoroso, Leonardo,$d<1952- >.$0(OLS)http://semarc/name/5860 700 1 $aVolpi, Franco,$d<1952-2009>.$0(OLS)http://semarc/name/6411 830 0$aManuali Laterza ;$v95.$0(OLS)http://semarc/title/5929 830 0$aGuide ai filosofi.$0(OLS)http://semarc/title/17352 850 $aSeMil 852 $aSeMil$W1$xVenegono$y1$m2Q VII 118$j214205$B85909$CSeMilBibl$Z2$F89690 $81 996 $6020$a88-420-5380-5$9(OLS)http://semarc/number/118956 996 $6245$aGuida a Heidegger :$bermeneutica, fenomenologia, esistenzialismo, ontologia, teologia, estetica, etica, tecnica, nichilismo$9(OLS)http://semarc/title/193976 996 $6264$aRoma ;$aBari :$bGLF editori Laterza$9(OLS)http://semarc/publisher/37788 LEADER 01046nam a2200229 i 4500 001 000000161441 003 CaOOAMICUS 005 20070518000000.0 008 070518s1985 it u000 u ita u 013 $a138804 040 $aSeMil$bita 100 1 $aGramaglia, Pier Angelo.$0(OLS)http://semarc/name/19206 240 00$aStoria dell'idea di famiglia.$0(OLS)http://semarc/title/144522 245 10$aMaria Valtorta :$buna moderna manipolazione dei Vangeli /$cPier Angelo Gramaglia. 260 $aCasale Monferrato (AL) :$bEdizioni Piemme di Pietro Marietti,$c1985. 300 $a243 p. ;$c21 cm. 600 14$aValtorta, Maria <1897-1961>.$0(OLS)http://semarc/subject/12324 850 $aSeMil 852 $aSeMil$W1$xVenegono$y1$m3J III 331$j112843$B112843$CSeMilBibl$Z2$F124812 $81 961 $aLascito: Fumagalli don Enrico 996 $6245$aMaria Valtorta :$buna moderna manipolazione dei Vangeli$9(OLS)http://semarc/title/144523 996 $6260$aCasale Monferrato (AL) :$bEdizioni Piemme di Pietro Marietti$9(OLS)http://semarc/publisher/33528 LEADER 00879nam a2200217 4500 001 000000354867 003 CaOOAMICUS 005 20230804093958.0 008 230804s1871 it a 000 u ita r 040 $aSeMil$bita 100 11$aSacchi, Pietro Edoardo.$0(OLS)http://semarc/name/118000 245 10$aGuida in Italia /$cP. E. Sacchi. 250 $a13. ed. accuratamente riveduta e di molto aumentata 264 1$aMilano :$bFerdinando Artaria e figlio,$c1871. 300 $aXVI, 446 p., [34] carte di tav. :$bill. ;$c17 cm 650 4$aItalia - Guide.$0(OLS)http://semarc/subject/2330 850 $aSeMil 852 $aSeMil$W1$xVenegono$y1$m4Y I 10 FA$j242871$B246157$CSeMilBibl$Z2$F246157 $8I 996 $6245$aGuida in Italia$9(OLS)http://semarc/title/445034 996 $6264$aMilano :$bFerdinando Artaria e figlio$9(OLS)http://semarc/publisher/61147